Central Library OPAC University of Rajshahi

Representative Spanish authors / (Record no. 21966)

MARC details
000 -LEADER
fixed length control field 00788cam a2200253 4500
001 - CONTROL NUMBER
control field 21966
003 - CONTROL NUMBER IDENTIFIER
rucl marc code BD-RjUL
005 - DATE AND TIME OF LATEST TRANSACTION
control field 20211209000742.0
008 - FIXED-LENGTH DATA ELEMENTS--GENERAL INFORMATION
fixed length control field 140306s1971 nyua 000 0 spa
035 ## - SYSTEM CONTROL NUMBER
System control number (BD-RjUL)22031
040 ## - CATALOGING SOURCE
Original cataloging agency DLC
Transcribing agency DLC
Modifying agency DLC
-- BD-RjUL
Language of cataloging eng
041 0# - LANGUAGE CODE
Language code of text/sound track or separate title spaeng
082 00 - DEWEY DECIMAL CLASSIFICATION NUMBER
Classification number 860.8
Author mark and year PAR 1971
100 1# - MAIN ENTRY--PERSONAL NAME
Personal name Pattison, Walter Thomas,
Dates associated with a name 1903-
9 (RLIN) 67838
245 10 - TITLE STATEMENT
Title Representative Spanish authors /
Statement of responsibility, etc. Walter T. Pattison and Donald W. Bleznick.
Number of part/section of a work VOLUME TWO
250 ## - EDITION STATEMENT
Edition statement 3d ed.
260 ## - PUBLICATION, DISTRIBUTION, ETC. (IMPRINT)
Place of publication, distribution, etc. New York :
Name of publisher, distributor, etc. Oxford University Press,
Date of publication, distribution, etc. 1971.
300 ## - PHYSICAL DESCRIPTION
Pagination viii, 490 p. :
Illustrations illus. ;
Size 25 cm.
650 #0 - SUBJECT ADDED ENTRY--TOPICAL TERM
Topical term or geographic name as entry element Spanish literature.
9 (RLIN) 67839
700 1# - ADDED ENTRY--PERSONAL NAME
Personal name Bleznick, Donald William,
Dates associated with a name 1924-
Relator term joint ed.
942 ## - ADDED ENTRY ELEMENTS (KOHA)
Source of classification or shelving scheme Dewey Decimal Classification
Koha item type Books
Holdings
Lost status Source of classification or shelving scheme Damaged status Not for loan Collection code Permanent Location Current Location Shelving location Date acquired Source of acquisition Cost, normal purchase price Total Checkouts Full call number Date last seen Copy number Koha item type
  Dewey Decimal Classification   Added to bundle Non-fiction Central Library, University of Rajshahi Central Library, University of Rajshahi Reading Room 16/05/1974 Oxford university press 75.90   860.8 PAR V-2 1971 06/03/2014 C-1 Books